Normal view
MARC view
Entry Corporate Name
001 - CONTROL NUMBER
- control field: 26560
003 - CONTROL NUMBER IDENTIFIER
- control field: ARRUPE
005 - DATE AND TIME OF LATEST TRANSACTION
- control field: 20161007111319.0
008 - FIXED-LENGTH DATA ELEMENTS
- fixed length control field: 161007|| aca||aabn | a|a d
040 ## - CATALOGING SOURCE
- Original cataloging agency: ARRUPE
- Transcribing agency: ARRUPE
110 ## - HEADING--CORPORATE NAME
- Corporate name or jurisdiction name as entry element: Time-Life Books.
670 ## - SOURCE DATA FOUND
- Source citation: Work cat.: (ARRUPE)0: Wallace, Robert, 1919- 26558, The world of Van Gogh, 1853-1890,, [1969]